00796nam a2200217Ia 450000500170000000800410001708200230005811000360008124500540011725000190017130000430019050000190023361000510025265000570030365000530036026400420041333600270045533700330048233800280051504000350054320220317001233.0160825s1997 ck a g 000 0 spa 04aR 791.40216 bC64c2 aColombia. Ministerio de Cultura10aCatálogo de televisióncMinisterio de Cultura a1a. edición  a251 páginas bilustraciones c28 cm  aIncluye indice2 aColombia. Ministerio de Cultura vCatálogos 142LEMBaTelevisión estatal vCatálogos zColombia 142LEMB aCine documental vCatálogos zColombia  aBogotábMinisterio de Culturac1997 atextobtxt2rdacontent asin mediaciónbn2rdamedia avolumenbnc2rdacarrier aCO-BoRNBPbspaerdacCO-BoRNBP